<?xml version="1.0" encoding="UTF-8"?>
<marc:record xmlns:marc="http://www.loc.gov/MARC21/slim">
   <marc:leader>00000nam a2200000 a 4500</marc:leader>
   <marc:datafield ind1="1" ind2=" " tag="100">
      <marc:subfield code="a">Lish, Atticus</marc:subfield>
      <marc:subfield code="4">aut</marc:subfield>
      <marc:subfield code="e">Verfasser/-in</marc:subfield>
   </marc:datafield>
   <marc:datafield ind1="0" ind2="0" tag="245">
      <marc:subfield code="a">Vorbereitung auf das nächste Leben</marc:subfield>
   </marc:datafield>
   <marc:datafield ind1="0" ind2="0" tag="245">
      <marc:subfield code="b">Roman</marc:subfield>
   </marc:datafield>
   <marc:datafield ind1="0" ind2="0" tag="245">
      <marc:subfield code="c">Atticus Lish</marc:subfield>
   </marc:datafield>
   <marc:datafield ind1=" " ind2="1" tag="264">
      <marc:subfield code="a">Zürich</marc:subfield>
      <marc:subfield code="b">Arche</marc:subfield>
      <marc:subfield code="c">2015</marc:subfield>
   </marc:datafield>
   <marc:datafield ind1="1" ind2=" " tag="520">
      <marc:subfield code="a">Die uigurische Kriegswaise Zou Lei hat es allein und mittellos bis in die USA geschafft. Illegal eingewandert und stets auf der Hut vor den Behörden, schlägt sie sich in New York mit Küchenjobs durch. Der Soldat Brad Skinner ist gerade zum dritten Mal aus dem Irak zurückgekehrt. Traumatisiert und arbeitslos begegnet er eines Tages Zou Lei, und eine Liebe zwischen Verzweiflung und Hoffnung beginnt. Auf der Suche nach Gemeinsamkeit und Halt durchstreifen sie die Stadt, treiben Fitness bis an den Rand der Erschöpfung. Doch inmitten der vielen Kulturen, der Heimatlosen und Überlebenskünstler, der Reichen und Armen, der Verrohung und Versöhnung braut sich ein Unheil zusammen, das sie für immer auseinander zu reißen droht. Atemlos begleitet der Leser im mal harten, mal weichen Wechsel von Licht und Schatten die Liebenden durch die Straßen New Yorks und wird sie nie mehr vergessen. Atticus Lish hat den großen Roman über die verletzte Seele Amerikas geschrieben - eine Geschichte über Liebe und Krieg, über Urbanität und über das Leben an den Rändern der Gesellschaft.</marc:subfield>
   </marc:datafield>
   <marc:datafield ind1=" " ind2=" " tag="020">
      <marc:subfield code="a">9783716027455</marc:subfield>
      <marc:subfield code="9">9783716027455</marc:subfield>
   </marc:datafield>
   <marc:datafield ind1=" " ind2=" " tag="020">
      <marc:subfield code="a">3716027456</marc:subfield>
      <marc:subfield code="9">3716027456</marc:subfield>
   </marc:datafield>
   <marc:datafield ind1=" " ind2=" " tag="300">
      <marc:subfield code="a">539 S.</marc:subfield>
   </marc:datafield>
</marc:record>
